Т. 58, № 4; Геомагнетизм и аэрономия

Bibliographic Details
Parent link:Геомагнетизм и аэрономия: научный журнал/ Российская академия наук (РАН). Т. 58, № 4.— , 1964-1996.— 0016-7940
Summary:Режим доступа: по договору с организацией-держателем ресурса
Language:Russian
Published: 2018
Online Access:https://sciencejournals.ru/cgi/download.pl?jid=geoaer&year=2018&file=geoaer4_18v58cont.pdf
https://elibrary.ru/contents.asp?id=35402548
Format: Electronic Book
KOHA link:https://koha.lib.tpu.ru/cgi-bin/koha/opac-detail.pl?biblionumber=581230

MARC

LEADER 00000nam2a2200000 4500
001 581230
005 20231101130643.0
035 |a (RuTPU)RU\TPU\prd\281273 
035 |a RU\TPU\prd\280437 
090 |a 581230 
100 |a 20181119a19969999k y0rusy50 ca 
101 0 |a rus 
102 |a RU 
181 0 |a i  
182 0 |a b 
200 0 |a Т. 58, № 4  |b Электронный ресурс 
203 |a Текст  |c электронный 
210 |d 2018 
333 |a Режим доступа: по договору с организацией-держателем ресурса 
461 1 |0 (RuTPU)RU\TPU\prd\130  |x 0016-7940  |t Геомагнетизм и аэрономия  |o научный журнал  |f Российская академия наук (РАН)  |v Т. 58, № 4  |d 1964-1996 
801 0 |a RU  |b 63413507  |c 20010227  |g PSBO 
801 1 |a RU  |b 63413507  |c 20130716 
801 2 |a RU  |b 63413507  |c 20220210  |g RCR 
856 4 0 |u https://sciencejournals.ru/cgi/download.pl?jid=geoaer&year=2018&file=geoaer4_18v58cont.pdf 
856 4 0 |u https://elibrary.ru/contents.asp?id=35402548 
942 |c BK